000 00563nam a2200181Ia 4500
008 100921s9999 xx 000 0 und d
082 _b20416
_a891.463 थ 87
100 _aकर्णिक हेमन्र.
245 _aवेगवान.
260 _bमनमोहिनी प्रकाशन,पुणे.
_c1987
300 _a172
_b---
365 _b45
520 _aललित-कादंबरी.
630 _aवेगवान.
650 _aललित-कादंबरी.
730 _aवेगवान.
942 _cBOOK
999 _c769529
_d769526